| 000 | 00872nas a2200265 4500 | ||
|---|---|---|---|
| 001 | BR8205420 | ||
| 003 | BR-BrBNA | ||
| 005 | 20231205085249.0 | ||
| 007 | ta | ||
| 008 | 230509b bl.|||p| |||| 00| 00por d | ||
| 040 |
_aBR-BrBNA _bpor _cBiblioteca Nacional de Agricultura |
||
| 041 | _a(Pt) | ||
| 072 | _aS10 | ||
| 100 | 1 | _aKalil, A.C. | |
| 100 | 1 | _aLei, D.L.M. | |
| 100 | 1 | _aLerner, B.R. | |
| 100 | 1 | _aRamos, R.G. | |
| 245 | 1 | _aDiluicao intrafamiliar do suplemento alimentar fornecido pelo INAN para pre-escolares em municipios de Sao Paulo [Instituto Nacional de Alimentacao e Nutricao, Brasil] | |
| 650 | _aSUPLEMENTO ALIMENTAR | ||
| 650 | _aANALISE ESTATISTICA | ||
| 650 | _aSAO PAULO | ||
| 773 | 0 |
_tAlimentacao (Brazil) _xISSN 0100-9397 _g(May-Jun 1982), (no. 60) p. 30-36 _wBR8205420 |
|
| 909 |
_a202311 _bLúcia _c55 _dLúcia Elande |
||
| 942 |
_2AGRIS _n0 _cANA |
||
| 999 |
_c110344 _d110344 |
||